| 000 | 00493nam a22001697a 4500 | ||
|---|---|---|---|
| 008 | 230511b |||||||| |||| 00| 0 eng d | ||
| 040 |
_aNational Science Library _cNational Science Library |
||
| 080 |
_a915(54) _bJ4 |
||
| 100 |
_aSpate, O H K _98731 |
||
| 245 |
_aIndia and Pakistan: _bA general and regional geography |
||
| 260 |
_aLondon: _bMethuen & Co. Ltd, _c1954 |
||
| 300 | _axxxvi, 827p. | ||
| 650 | _aGeography. | ||
| 653 | _aLand | ||
| 700 | _aClimate | ||
| 942 |
_2udc _cREF |
||
| 999 |
_c29129 _d29129 |
||